| 000 | 00716nab a2200229u 4500 | ||
|---|---|---|---|
| 001 | 07205 | ||
| 003 | HDC | ||
| 007 | c| |||a|caa | ||
| 008 | 210127b20160608my ||||| |||| 00| 0 may d | ||
| 040 | _aHDC | ||
| 245 | 0 | _ae-Pasaran yakin capai 1,000 usahawan | |
| 336 |
_atext _2rdacontent |
||
| 337 |
_acomputer _2rdamedia |
||
| 338 |
_aonline resource _2rdacarrier |
||
| 650 |
_aDagang NeXchange Berhad _97703 |
||
| 650 |
_aGlobal Halal Exchange _97702 |
||
| 710 | _aHarian Metro | ||
| 856 | _zRequest full-text at [email protected] | ||
| 942 | _2lcc | ||
| 942 | _cNEWS | ||
| 942 | _kNWSC 001351 | ||
| 999 |
_c4529 _d4529 |
||